James Last Spielt-Robert Stolz (Record n. 100004)
[ formato base ]
| 000 -LEADER | |
|---|---|
| fixed length control field | 04071njm a2200493Ia 4500 |
| 001 - CONTROL NUMBER | |
| control field | 24646 |
| 003 - CONTROL NUMBER IDENTIFIER | |
| control field | IT-RoPAU |
| 005 - DATE AND TIME OF LATEST TRANSACTION | |
| control field | 20220918181124.0 |
| 008 - FIXED-LENGTH DATA ELEMENTS--GENERAL INFORMATION | |
| fixed length control field | 131025s9999 xx 000 0 und d |
| 040 ## - CATALOGING SOURCE | |
| Original cataloging agency | IT-RoPAU |
| 040 ## - CATALOGING SOURCE | |
| Transcribing agency | IT-RoPAU |
| 999 ## - SYSTEM CONTROL NUMBERS (KOHA) | |
| Koha Dewey Subclass [OBSOLETE] | n.d. |
| 100 ## - MAIN ENTRY--PERSONAL NAME | |
| Personal name | AA.VV. |
| 9 (RLIN) | 794 |
| 100 ## - MAIN ENTRY--PERSONAL NAME | |
| Relator term | Autore musica |
| 9 (RLIN) | 11250 |
| 100 ## - MAIN ENTRY--PERSONAL NAME | |
| Miscellaneous information | Codice autore musica SPICS: 12000 |
| 9 (RLIN) | 796 |
| 245 ## - TITLE STATEMENT | |
| Title | James Last Spielt-Robert Stolz |
| 250 ## - EDITION STATEMENT | |
| Edition statement | 1a ed. |
| 260 ## - PUBLICATION, DISTRIBUTION, ETC. (IMPRINT) | |
| Place of publication, distribution, etc. | ITALIA |
| 260 ## - PUBLICATION, DISTRIBUTION, ETC. (IMPRINT) | |
| Name of publisher, distributor, etc. | POLYDOR |
| Date of publication, distribution, etc. | 1977 [1a Ed.:1977] |
| 300 ## - PHYSICAL DESCRIPTION | |
| Extent | DISCO |
| 300 ## - PHYSICAL DESCRIPTION | |
| Dimensions | 32 minuti (Testo: pag.) |
| 500 ## - GENERAL NOTE | |
| General note | Musica strumentale. Arrangiamento |
| 505 ## - FORMATTED CONTENTS NOTE | |
| Formatted contents note | Zwei Herzen Im Dreivierteltakt (2:00) - Mein Liebeslied Muss Ein Walzer Sein (2:00) - Wien Wird Bei Nacht Erst Schon (2:00) - Verliebte Muss Man Gar Nicht Erst in Stimmung Bringen (2:00) - Ob Blond, Ob Braun, Ich Liebe alle Frau'n (2:00) - Du Sollst Der Kaiser Meiner Seele Sein (2:00) - Sag Du, Sag Du Zu Mir! (5:00) - Auch du Wirst Mich Einmal Betrugen (2:00) - Adieu, Mein Kleiner Gardeoffizier (2:00) - Das Ist Der Fruhling in Wien (2:00) - Spiel Auf Deiner Geige Das Lied Von Leid Und Lust (6:00) - Jung San Ma! Fresch San Ma! (2:00) - Im Casino, Da Steht Ein Pianino (2:00) - Wohin Ist Das Alles, Wohin? (2:00) - Im Prater Bluhn Wieder Die Baume (2:00) - In Wien, Wo Der Wein Und Der Walzer Bluht (2:00) -Die Ganze Welt Ist Himmelblau (5:00) - Wenn Die Kleinen Veichen Bluhen (5:00) - Komm'in Den Park Von Sanssouci! ((2:00) - Salome (4:00) - Vor Meinem Vaterhaus (2:00) - Auf Der Heide Bluh'n Die Letzten Rosen (2:00) |
| 650 ## - SUBJECT ADDED ENTRY--TOPICAL TERM | |
| Topical term or geographic name as entry element | ARRANGIAMENTO [DISCHI] |
| Relator term | Codice MATERIA SPICS: 9950 |
| 9 (RLIN) | 11251 |
| 700 ## - ADDED ENTRY--PERSONAL NAME | |
| Personal name | Last James |
| Miscellaneous information | Codice interprete SPICS: 10976 |
| Relator term | Interprete |
| 9 (RLIN) | 11252 |
| 700 ## - ADDED ENTRY--PERSONAL NAME | |
| Personal name | Stolz Robert |
| Miscellaneous information | Codice autore musica SPICS: 13453 |
| Relator term | Autore musica |
| 9 (RLIN) | 11253 |
| 700 ## - ADDED ENTRY--PERSONAL NAME | |
| Personal name | Reisch Walter |
| Miscellaneous information | Codice autore SPICS: 27501 |
| Relator term | Autore |
| Name of part/section of a work | Zwei Herzen Im Dreivierteltakt - Auch du Wirst Mich Einmal Betrugen - Adieu, Mein Kleiner Gardeoffizier |
| 9 (RLIN) | 11254 |
| 700 ## - ADDED ENTRY--PERSONAL NAME | |
| Personal name | Robinson Armin L. |
| Miscellaneous information | Codice autore musica SPICS: 27502 |
| Relator term | Autore musica |
| Name of part/section of a work | Zwei Herzen Im Dreivierteltakt - Auch du Wirst Mich Einmal Betrugen |
| 9 (RLIN) | 11255 |
| 700 ## - ADDED ENTRY--PERSONAL NAME | |
| Personal name | Gilbert Robert |
| Miscellaneous information | Codice autore SPICS: 14464 |
| Relator term | Autore |
| Name of part/section of a work | Mein Liebeslied Muss Ein Walzer Sein - Verliebte Muss Man Gar Nicht Erst in Stimmung Bringen - Jung San Ma! Fresch San Ma! - Wohin Ist Das Alles, Wohin? - Ganze Welt Ist Himmelblau - Die Ganze Welt Ist Himmelblau |
| 9 (RLIN) | 11256 |
| 700 ## - ADDED ENTRY--PERSONAL NAME | |
| Personal name | Sterk Wilhelm |
| Miscellaneous information | Codice autore SPICS: 27503 |
| Relator term | Autore |
| Name of part/section of a work | Wien Wird Bei Nacht Erst Schon - Du Sollst Der Kaiser Meiner Seele Sein |
| 9 (RLIN) | 11257 |
| 700 ## - ADDED ENTRY--PERSONAL NAME | |
| Personal name | Weys Rudolf |
| Miscellaneous information | Codice autore SPICS: 27504 |
| Relator term | Autore |
| Name of part/section of a work | Verliebte Muss Man Gar Nicht Erst in Stimmung Bringen |
| 9 (RLIN) | 11258 |
| 700 ## - ADDED ENTRY--PERSONAL NAME | |
| Personal name | Marischka Ernst |
| Miscellaneous information | Codice autore SPICS: 27505 |
| Relator term | Autore |
| Name of part/section of a work | Ob Blond, Ob Braun, Ich Liebe alle Frau'n |
| 9 (RLIN) | 11259 |
| 700 ## - ADDED ENTRY--PERSONAL NAME | |
| Personal name | Grunbaum Fritz |
| Miscellaneous information | Codice autore SPICS: 27506 |
| Relator term | Autore |
| Name of part/section of a work | Du Sollst Der Kaiser Meiner Seele Sein |
| 9 (RLIN) | 11260 |
| 700 ## - ADDED ENTRY--PERSONAL NAME | |
| Personal name | Beer Gustav |
| Miscellaneous information | Codice autore SPICS: 27507 |
| Relator term | Autore |
| Name of part/section of a work | Sag Du, Sag du Zu Mir! |
| 9 (RLIN) | 11261 |
| 700 ## - ADDED ENTRY--PERSONAL NAME | |
| Personal name | Reisch Walter |
| Miscellaneous information | Codice autore SPICS: 27501 |
| Relator term | Autore |
| Name of part/section of a work | Auch du Wirst Mich Einmal Betrugen - Adieu, Mein Kleiner Gardeoffizier |
| 9 (RLIN) | 11262 |
| 700 ## - ADDED ENTRY--PERSONAL NAME | |
| Personal name | Rebner Arthur |
| Miscellaneous information | Codice autore SPICS: 27326 |
| Relator term | Autore |
| Name of part/section of a work | Das Ist Der Fruhling in Wien - Salome |
| 9 (RLIN) | 11263 |
| 700 ## - ADDED ENTRY--PERSONAL NAME | |
| Personal name | Grunwald Alfred |
| Miscellaneous information | Codice autore SPICS: 27508 |
| Relator term | Autore |
| Name of part/section of a work | Spiel Auf Deiner Geige Das Lied Von Leid Und Lust |
| 9 (RLIN) | 11264 |
| 700 ## - ADDED ENTRY--PERSONAL NAME | |
| Personal name | Herzer Ludwig |
| Miscellaneous information | Codice autore /musica SPICS: 27509 |
| Relator term | Autore musica |
| Name of part/section of a work | Spiel Auf Deiner Geige Das Lied Von Leid Und Lust |
| 9 (RLIN) | 11265 |
| 700 ## - ADDED ENTRY--PERSONAL NAME | |
| Personal name | Hardt-Warden Bruno |
| Miscellaneous information | Codice autore SPICS: 27510 |
| Relator term | Autore |
| Name of part/section of a work | Im Casino, Da Steht Ein Pianino - Wenn Die Kleinen Veichen Bluhen - Vor Meinem Vaterhaus |
| 9 (RLIN) | 11266 |
| 700 ## - ADDED ENTRY--PERSONAL NAME | |
| Personal name | Grunwald Alfred |
| Miscellaneous information | Codice autore SPICS: 27508 |
| Relator term | Autore |
| Name of part/section of a work | In Wien, Wo Der Wein Und Der Walzer Bluht |
| 9 (RLIN) | 11267 |
| 700 ## - ADDED ENTRY--PERSONAL NAME | |
| Personal name | Rillo Richard |
| Miscellaneous information | Codice autore SPICS: 27512 |
| Relator term | Autore |
| Name of part/section of a work | Komm'in Den Park Von Sanssouci! |
| 9 (RLIN) | 11268 |
| 700 ## - ADDED ENTRY--PERSONAL NAME | |
| Personal name | Balz Bruno |
| Miscellaneous information | Codice autore SPICS: 27513 |
| Relator term | Autore |
| Name of part/section of a work | Auf Der Heide Bluh'n Die Letzten Rosen |
| 9 (RLIN) | 11269 |
| 942 ## - ADDED ENTRY ELEMENTS (KOHA) | |
| Koha item type | DISCHI |
| Source of classification or shelving scheme | Dewey Decimal Classification |
| Withdrawn status | Lost status | Damaged status | Not for loan | Home library | Current library | Date acquired | Total Checkouts | Full call number | Date last seen | Price effective from | Koha item type | Public note |
|---|---|---|---|---|---|---|---|---|---|---|---|---|
| Buone Condizioni | Not For Loan | SPICS-MEDIATECA | SPICS-MEDIATECA | 25/10/2013 | 24646 | 25/10/2013 | 25/10/2013 | DISCHI | Progr. Ins.: 5341 / N.Vol.: 1 / Copie: 1 - Copia rara: n.d. / date import: 01.01.2014 - By Epidotti, Trombetti, Vaglietti |